000 04265namaa22004091i 4500
003 OSt
005 20260415125039.0
008 250827s2025 ua a|||frm||| 000 0 eng d
040 _aEG-GICUC
_bara
_cEG-GICUC
_dEG-GICUC
_erda
041 0 _aara
_bara
_beng
049 _aإيداع
082 0 4 _a726.5815
092 _a726.5815
_221
097 _aمــــاجستير
099 _aCai01.14.04.M.Sc.2025.ما.ع
100 0 _a،مارى ثابت إبراهيم نصيف
_eإعداد.
245 1 0 _aعمارة الحنية وزخارفها الفنية في الكنائس الشرقية حتى نهاية القرن السابع الميلادي :
_bتطبيقًا علي الكنائس المصرية والسورية – دراسة فنية تحليلية /
_cإعداد مارى ثابت إبراهيم نصيف؛ إشراف أ.م.د/ منى جبر عبد النبي حسين.
246 1 5 _aThe architecture of the apse and its artistic decorations in the eastern churches until the end of the seventh century ad :
_bApplied to the egyptian and syrian churches, an analytical artistic study /
264 0 _c2025.
300 _a363 صفحة :
_bالرسالة جزئين فى مجلد واحد ؛
_c30 سم. +
_eCD.
336 _atext
_2rda content
337 _aUnmediated
_2rdamedia
338 _avolume
_2rdacarrier
502 _aأطروحة (ماجستير)-جامعة القاهرة، 2025.
504 _aببليوجرافيا: صفحات 220-237.
520 _aيتناول البحث موضوع عمارة الحنية وزخارفها الفنية في الكنائس الشرقية حتى نهاية القرن السابع الميلادى تطبيقًا على الكنائس المصرية والسورية وينقسم البحث إلى جزئين: الجزء الأول تمهيد وأربعة فصول وخاتمة وملاحق وجاءت على رأسهم جميعًا المقدمة التي تعرض أهمية البحث وأسباب اختيار الموضوع بالإضافة إلى الدراسات السابقة.الفصل الأول يتناول أولاً: مسميات الحنية المختلفة، ثانيًا: عمارة الحنية في مصر وسوريا بأشكالها المختلفة،الفصل الثاني يتناول دراسة وصفية لزخارف الحنايا في مصر طبقًا لتوزيع المناظر على الحنية،الفصل الثالث يتناول دراسة وصفية لزخارف الحنايا في سوريا للجدرايات والأرضيات.الفصل الرابع يتناول دراسة تحليلية لأهم العناصر المعمارية والفنية التي ظهرت في الحنايا.ثم تأتي الخاتمة.
520 _aThe research is divided into two parts .Part one:The introduction: It discusses the naming of ancient Syria, its geographical divisions, and Christianity in Syria during the early Byzantine period, followed by architecture and art in Syria.Chapter One: Firstly, it addresses the different names of the apse. Secondly, it discusses the architecture of the apse in Egypt and Syria in.Chapter Two: It covers a descriptive study of the decorative motifs of the apses in Egypt based on the arrangement of the scenes on the apse.Chapter Three: It presents a descriptive study of the decorative motifs of the apses in Syria regarding the ceilings and floors.Chapter Four: It focuses on an analytical study of the most crucial architectural and artistic elements.Part two: An index of illustrations.
530 _aصدر أيضًا كقرص مدمج.
546 _aالنص بالعربية والملخص باللغة الإنجليزية والعربية.
650 7 _aالكنائس الشرقية
_2qrmak
_xعمارة
653 0 _aالحنية
_aمصر
_aسوريا
700 0 _aمنى جبر عبد النبي حسين
_eمشرف أطروحة.
900 _b26-01-2025
_cمنى جبر عبد النبي حسين
_dخالد غريب على شاهين
_dماري ميساك كيبليان
_Uجامعة القاهرة
_Fكلية الآثار
_Dقسم الآثار اليونانية والرومانية
905 _aSara
_eAfaf
942 _2ddc
_cTH
_e21
_n0
999 _c178393